[Event "Bodensee op"]
[Site "Bregenz"]
[Date "2023.05.20"]
[Round "8"]
[White "Fauth, Dietmar"]
[Black "Hovenga, Alje"]
[Result "0-1"]
[WhiteElo "2105"]
[BlackElo "2204"]
[PlyCount "140"]
[EventDate "2023.05.13"]
[EventType "swiss"]
[EventRounds "9"]
[EventCountry "AUT"]
[SourceTitle "CBM 215 Extra"]
[Source "ChessBase"]
[SourceDate "2023.09.30"]
[SourceVersion "1"]
[SourceVersionDate "2023.09.30"]
[SourceQuality "1"]

1. e4 c6 2. d4 d5 3. exd5 cxd5 4. Bd3 Nc6 5. c3 Nf6 6. Bf4 Bg4 7. Qb3 Qd7 8. Nd2 e6 9. Ngf3 Bd6 10. Bxd6 Qxd6 11. 0-0 0-0 12. Rfe1 Bxf3 13. Nxf3 Qc7 14. Qc2 Rfc8 15. Qe2 a6 16. a4 Rab8 17. g3 Na5 18. h4 Nc4 19. Ne5 Nxe5 20. dxe5 Nd7 21. h5 h6 22. a5 Qc5 23. Ra3 Qe7 24. Bb1 Qg5 25. Ra4 Rc4 26. Rxc4 dxc4 27. Kg2 Qd8 28. Qe4 Nf8 29. Qxc4 Qxa5 30. Qe4 Qd8 31. f4 Qb6 32. Re2 Rd8 33. Bd3 Qb3 34. Rd2 b5 35. Kf3 Rd5 36. Ke2 a5 37. c4 bxc4 38. Qxc4 Qb6 39. Qe4 Qg1 40. Qf3 Nd7 41. Be4 Qh2+ 42. Qg2 Qxh5+ 43. Bf3 Rxd2+ 44. Kxd2 Qg6 45. Be4 f5 46. Bc2 Nf8 47. Bb3 Qf7 48. Qc6 Qe7 49. Kc2 Kf7 50. Qb6 g5 51. Qxa5 gxf4 52. gxf4 h5 53. Qc3 h4 54. Qf3 Kg6 55. Kd2 Kh6 56. Kc3 Qc5+ 57. Bc4 Qa5+ 58. Kc2 Qc5 59. Kd3 Qg1 60. b4 Qb1+ 61. Kc3 Qc1+ 62. Kb3 Qb1+ 63. Ka4 Qc2+ 64. Bb3 Qe4 65. Qf2 Ng6 66. Bxe6 Qc6+ 67. b5 Qxe6 68. b6 h3 69. Qf3 Qa2+ 70. Kb5 Qg2 0-1

[Event "Bodensee op"]
[Site "Bregenz"]
[Date "2023.05.14"]
[Round "2"]
[White "Uhl, Michael"]
[Black "Hovenga, Alje"]
[Result "1/2-1/2"]
[WhiteElo "2032"]
[BlackElo "2204"]
[PlyCount "88"]
[EventDate "2023.05.13"]
[EventType "swiss"]
[EventRounds "9"]
[EventCountry "AUT"]
[SourceTitle "CBM 215 Extra"]
[Source "ChessBase"]
[SourceDate "2023.09.30"]
[SourceVersion "1"]
[SourceVersionDate "2023.09.30"]
[SourceQuality "1"]

1. e4 c6 2. d4 d5 3. exd5 cxd5 4. c4 Nf6 5. Nc3 Nc6 6. Bg5 dxc4 7. d5 Ne5 8. Qd4 h6 9. Bf4 Ng6 10. Bxc4 Nxf4 11. Qxf4 g5 12. Bb5+ Bd7 13. Qa4 Bg7 14. Nge2 0-0 15. Bxd7 Qxd7 16. Qxd7 Nxd7 17. 0-0 Rfd8 18. Rad1 Nb6 19. Rd3 Rd7 20. Rfd1 Rad8 21. b3 f5 22. Nd4 Bxd4 23. Rxd4 e6 24. d6 Kf7 25. g4 Nc8 26. gxf5 exf5 27. Rd5 Kf6 28. Nb5 a6 29. Nc7 Nxd6 30. Na8 Ke6 31. Nb6 Rc7 32. Nc4 Rc6 33. Re5+ Kf6 34. Red5 Ke6 35. Re5+ Kd7 36. Rxf5 Kc8 37. Rfd5 Nf7 38. Rxd8+ Nxd8 39. Rd6 Kc7 40. Rxc6+ Kxc6 41. Kg2 b5 42. Ne3 Nf7 43. Kf3 Kd6 44. Ke4 Ke6 1/2-1/2

[Event "Hoogeveen op 24th"]
[Site "Hoogeveen"]
[Date "2021.10.21"]
[Round "7"]
[White "Van der Hagen, Loek"]
[Black "Hovenga, Alje"]
[Result "0-1"]
[WhiteElo "2010"]
[BlackElo "2212"]
[PlyCount "66"]
[EventDate "2021.10.15"]
[EventType "swiss"]
[EventRounds "9"]
[EventCountry "NED"]
[SourceTitle "CBM 204 Extra"]
[Source "ChessBase"]
[SourceDate "2021.11.30"]
[SourceVersion "1"]
[SourceVersionDate "2021.11.30"]
[SourceQuality "1"]

1. e4 Nc6 2. Nf3 d6 3. Bc4 Nf6 4. d3 g6 5. a3 Bg7 6. Nc3 0-0 7. Bg5 Bg4 8. h3 Bxf3 9. gxf3 Nd4 10. Be3 Nh5 11. Nd5 e6 12. Nc3 c6 13. Nb1 d5 14. c3 dxc4 15. dxc4 e5 16. cxd4 exd4 17. Bc1 f5 18. Qd3 Qh4 19. Rh2 Rae8 20. Nd2 Be5 21. Rh1 c5 22. a4 Nf4 23. Qf1 Ne6 24. Ra3 Bf4 25. exf5 Rxf5 26. Kd1 Ng5 27. Qg2 Bxd2 28. Kxd2 d3 29. Rxd3 Qxc4 30. b3 Nxf3+ 31. Qxf3 Qb4+ 32. Kd1 Rxf3 33. Rxf3 Qe4 0-1

[Event "BEL-chT 1920"]
[Site "Belgium"]
[Date "2020.02.16"]
[Round "8.3"]
[White "Hovenga, Alje"]
[Black "Hoffmann, Michael"]
[Result "1/2-1/2"]
[WhiteElo "2229"]
[BlackElo "2443"]
[PlyCount "36"]
[EventDate "2019.09.29"]
[EventType "team-tourn"]
[EventRounds "11"]
[EventCountry "BEL"]
[SourceTitle "CBM 195 Extra"]
[Source "ChessBase"]
[SourceDate "2020.05.31"]
[SourceVersion "1"]
[SourceVersionDate "2020.05.31"]
[SourceQuality "1"]
[WhiteTeam "Jean Jaures Ghent"]
[BlackTeam "KSK47 Eynatten"]
[WhiteTeamCountry "BEL"]
[BlackTeamCountry "BEL"]

1. d4 Nf6 2. c4 e6 3. Nf3 b6 4. Nc3 Bb7 5. Bg5 Be7 6. e3 h6 7. Bh4 0-0 8. Bd3 c5 9. 0-0 cxd4 10. Nxd4 Nc6 11. Nxc6 Bxc6 12. Qe2 a6 13. Rfd1 d6 14. Rd2 Ra7 15. Rad1 Qa8 16. f3 Rd8 17. Bc2 Rad7 18. e4 Qb8 1/2-1/2

[Event "BEL-chT 1920"]
[Site "Belgium"]
[Date "2020.02.02"]
[Round "7.6"]
[White "Hovenga, Alje"]
[Black "Grochal, Joey"]
[Result "0-1"]
[WhiteElo "2229"]
[BlackElo "2332"]
[PlyCount "114"]
[EventDate "2019.09.29"]
[EventType "team-tourn"]
[EventRounds "11"]
[EventCountry "BEL"]
[SourceTitle "CBM 195 Extra"]
[Source "ChessBase"]
[SourceDate "2020.05.31"]
[SourceVersion "1"]
[SourceVersionDate "2020.05.31"]
[SourceQuality "1"]
[WhiteTeam "Jean Jaures Ghent"]
[BlackTeam "Wachtebeke"]
[WhiteTeamCountry "BEL"]
[BlackTeamCountry "BEL"]

1. d4 Nf6 2. c4 e6 3. Nf3 b6 4. Nc3 Bb7 5. Bg5 h6 6. Bh4 Bb4 7. Qb3 c5 8. e3 0-0 9. Bd3 cxd4 10. Qxb4 Na6 11. Qa3 dxc3 12. b4 d6 13. 0-0 e5 14. e4 Nc7 15. Qxc3 g5 16. Nxg5 hxg5 17. Bxg5 Ne6 18. Bh4 Kg7 19. f3 Rh8 20. Bf2 Qg8 21. c5 Rc8 22. Bc4 Qh7 23. Bg3 Nd4 24. Rad1 bxc5 25. bxc5 Qh5 26. Qb2 Rxc5 27. Bd3 Bc6 28. Rd2 Bb5 29. Bxb5 Rxb5 30. Qa3 Qh6 31. Rdf2 Nh5 32. f4 Rb3 33. axb3 Nxg3 34. h3 Nde2+ 35. Kh2 Nxf1+ 36. Rxf1 Nxf4 37. Rf3 Rc8 38. Qxa7 Qe6 39. b4 Rc2 40. Rg3+ Ng6 41. b5 Qc4 42. b6 Rb2 43. b7 Qc7 44. h4 Rxb7 45. Qe3 Qd8 46. Rg5 Qh8 47. h5 Kf8 48. Qa3 Ke7 49. Kg3 Qf6 50. Rf5 Qe6 51. Kh2 Nf4 52. Qa8 Rc7 53. Qb8 Qc8 54. Qb3 Qg8 55. g3 Ne6 56. Kh3 Nd4 57. Qb6 Qc8 0-1

[Event "Bodensee op"]
[Site "Bregenz"]
[Date "2019.05.29"]
[Round "5"]
[White "Hovenga, Alje"]
[Black "Baeuml, Ulrich"]
[Result "1-0"]
[WhiteElo "2193"]
[BlackElo "2095"]
[PlyCount "65"]
[EventDate "2019.05.25"]
[EventType "swiss"]
[EventRounds "9"]
[EventCountry "AUT"]
[SourceTitle "CBM 190 Extra"]
[Source "ChessBase"]
[SourceDate "2019.07.15"]
[SourceVersion "1"]
[SourceVersionDate "2019.07.15"]
[SourceQuality "1"]

1. d4 Nf6 2. c4 e6 3. Nc3 Bb4 4. Nf3 b6 5. Qb3 c5 6. Bg5 h6 7. Bh4 g5 8. Bg3 Bb7 9. e3 Ne4 10. Bd3 Bxc3+ 11. bxc3 Nxg3 12. hxg3 d6 13. Rd1 Nd7 14. a4 a5 15. d5 Qf6 16. Be4 e5 17. g4 h5 18. Bf5 Ke7 19. Bxd7 hxg4 20. Rxh8 gxf3 21. Rh2 Rh8 22. Rxh8 fxg2 23. Ke2 Qxh8 24. Bg4 Qh1 25. Qb1 Qh4 26. Qe4 Bc8 27. Bf3 g4 28. Bxg2 f5 29. Qb1 Ba6 30. Rh1 Bxc4+ 31. Ke1 Qf6 32. Qxb6 e4 33. Rh7+ 1-0

[Event "Bodensee op"]
[Site "Bregenz"]
[Date "2017.05.27"]
[Round "8"]
[White "Ramaswamy, Aarthie"]
[Black "Hovenga, Alje"]
[Result "1-0"]
[WhiteElo "2073"]
[BlackElo "2169"]
[PlyCount "73"]
[EventDate "2017.05.20"]
[EventType "swiss"]
[EventRounds "9"]
[EventCountry "AUT"]
[SourceTitle "CBM 178 Extra"]
[Source "ChessBase"]
[SourceDate "2017.06.22"]
[SourceVersion "1"]
[SourceVersionDate "2017.06.22"]
[SourceQuality "1"]

1. e4 c5 2. Nf3 Nc6 3. d4 cxd4 4. Nxd4 Nf6 5. Nc3 d6 6. Bg5 e6 7. Qd2 a6 8. 0-0-0 Bd7 9. f3 h6 10. Be3 b5 11. Nxc6 Bxc6 12. Ne2 Qc7 13. Nd4 Bb7 14. Bd3 Rc8 15. Kb1 Nd7 16. Rhe1 Ne5 17. g4 g6 18. h4 Nc4 19. Bxc4 bxc4 20. Ne2 Rb8 21. Nc3 h5 22. g5 Be7 23. Ba7 Rc8 24. Bd4 e5 25. Be3 Rb8 26. Ba7 Ra8 27. Be3 0-0 28. f4 Rfb8 29. Ka1 Bc6 30. Rb1 Rb5 31. f5 Ra5 32. fxg6 fxg6 33. Rf1 Rb8 34. Qf2 Bxe4 35. Bb6 Rxb6 36. Qf7+ Kh8 37. Qe8+ 1-0

[Event "Amsterdam Science Park op-A"]
[Site "Amsterdam"]
[Date "2016.07.10"]
[Round "2"]
[White "Jonkman, Harmen"]
[Black "Hovenga, Alje"]
[Result "1-0"]
[WhiteElo "2421"]
[BlackElo "2207"]
[PlyCount "87"]
[EventDate "2016.07.09"]
[EventType "swiss"]
[EventRounds "9"]
[EventCountry "NED"]
[SourceTitle "CBM 173 Extra"]
[Source "ChessBase"]
[SourceDate "2016.08.29"]
[SourceVersion "1"]
[SourceVersionDate "2016.08.29"]
[SourceQuality "1"]

1. e4 c5 2. Nf3 Nc6 3. Bb5 Nf6 4. Bxc6 dxc6 5. Nc3 g6 6. d3 Bg7 7. h3 0-0 8. Be3 b6 9. Qd2 Re8 10. Bh6 e5 11. Bxg7 Kxg7 12. Ne2 c4 13. dxc4 Nxe4 14. Qxd8 Rxd8 15. Nxe5 c5 16. Ng4 Bb7 17. Ne3 f5 18. f3 Nf6 19. Kf2 Nh5 20. Rad1 f4 21. Nd5 g5 22. Nc7 Rxd1 23. Rxd1 Rb8 24. Rd7+ Kg6 25. Nd5 Ng7 26. Rd6+ Kf5 27. Rh6 b5 28. Ne7+ Ke5 29. cxb5 Ne6 30. Rxh7 a6 31. Nc6+ Bxc6 32. bxc6 Kd6 33. b3 Kxc6 34. Rh6 Kd5 35. h4 gxh4 36. Rh5+ Kd6 37. Rxh4 Ke5 38. Rh5+ Kf6 39. Nc3 c4 40. Ra5 cxb3 41. axb3 Nd4 42. Rxa6+ Kg7 43. Ra2 Kg6 44. Ne2 1-0

[Event "Groningen Compact-A"]
[Site "Groningen"]
[Date "2015.12.29"]
[Round "4"]
[White "Hovenga, Alje"]
[Black "Verhoef, Pieter"]
[Result "0-1"]
[WhiteElo "2217"]
[BlackElo "1992"]
[PlyCount "116"]
[EventDate "2015.12.26"]
[EventType "swiss"]
[EventRounds "5"]
[EventCountry "NED"]
[SourceTitle "CBM 170 Extra"]
[Source "ChessBase"]
[SourceDate "2016.02.25"]
[SourceVersion "1"]
[SourceVersionDate "2016.02.25"]
[SourceQuality "1"]

1. d4 Nf6 2. Bg5 d5 3. Bxf6 exf6 4. e3 Bd6 5. g3 c6 6. Bg2 0-0 7. Ne2 Bf5 8. Nd2 Qd7 9. 0-0 Bh3 10. c4 Bxg2 11. Kxg2 dxc4 12. Nxc4 Be7 13. Qd3 Na6 14. a3 c5 15. Rfd1 cxd4 16. exd4 Rfd8 17. b4 Nc7 18. Ne3 Nd5 19. Nxd5 Qxd5+ 20. Qf3 a5 21. Qxd5 Rxd5 22. Nc3 Rd7 23. b5 Rad8 24. Ne2 f5 25. Rd3 g6 26. Rc1 Bf6 27. Rc4 Rd5 28. a4 R5d7 29. f4 h6 30. Kf2 Kg7 31. Rd1 h5 32. Rd2 h4 33. Ke3 hxg3 34. hxg3 Re8+ 35. Kd3 Rde7 36. Rcc2 Re3+ 37. Kc4 Be7 38. d5 Bb4 39. Nd4 Rc8+ 40. Nc6 Bxd2 41. Rxd2 Ra3 42. Kc5 bxc6 43. dxc6 Rxa4 44. b6 Ra3 45. Rc2 Rxg3 46. b7 Rxc6+ 47. Kxc6 Rb3 48. Kc7 g5 49. b8Q Rxb8 50. Kxb8 gxf4 51. Kc7 Kf6 52. Kd6 Kg5 53. Ke5 f3 54. Kd4 Kf4 55. Kd3 Kg3 56. Ra2 f2 57. Ra1 Kg2 58. Ke2 f4 0-1

[Event "BEL-chT 1516"]
[Site "Belgium"]
[Date "2015.11.22"]
[Round "4.5"]
[White "Hovenga, Alje"]
[Black "Piceu, Tom"]
[Result "0-1"]
[WhiteElo "2231"]
[BlackElo "2312"]
[PlyCount "96"]
[EventDate "2015.09.27"]
[EventType "team-tourn"]
[EventRounds "11"]
[EventCountry "BEL"]
[SourceTitle "EXT 2017"]
[Source "ChessBase"]
[SourceDate "2016.10.25"]
[SourceVersion "1"]
[SourceVersionDate "2016.10.25"]
[SourceQuality "1"]
[WhiteTeam "Jean Jaures"]
[BlackTeam "KBSK Brugge"]
[WhiteTeamCountry "BEL"]
[BlackTeamCountry "BEL"]

1. d4 Nf6 2. c4 c5 3. d5 b5 4. Qc2 Qa5+ 5. Bd2 b4 6. e4 d6 7. g3 g6 8. Bg2 Bg7 9. Nf3 Nbd7 10. 0-0 0-0 11. Re1 Re8 12. h3 Bb7 13. Bf4 Nh5 14. Bg5 e6 15. dxe6 Rxe6 16. Nbd2 Rae8 17. a3 a6 18. axb4 Qxb4 19. Ra4 Qb6 20. Ra3 h6 21. Rb3 Qc7 22. Be3 Nhf6 23. e5 dxe5 24. Rxb7 Qxb7 25. Ng5 Qc7 26. Nxe6 Rxe6 27. Qa4 Kh7 28. Ra1 Rb6 29. Qa5 Ne8 30. b4 Rxb4 31. Qxa6 e4 32. Rd1 f5 33. Bf4 Ne5 34. Qe6 Qf7 35. Qc8 Nd3 36. Be3 Nd6 37. Qc6 Nxc4 38. Bxc5 Nce5 39. Qd6 Nxc5 40. Qxc5 Nd3 41. Qa5 Bd4 42. Bf1 Bb6 43. Qa3 Bxf2+ 44. Kg2 Qc7 45. Bxd3 Qxg3+ 46. Kf1 exd3 47. Nf3 Qxf3 48. Rxd3 Rb1+ 0-1

[Event "BEL-chT 1516"]
[Site "Belgium"]
[Date "2015.09.27"]
[Round "1.7"]
[White "Boidman, Yuri"]
[Black "Hovenga, Alje"]
[Result "1-0"]
[WhiteElo "2332"]
[BlackElo "2231"]
[PlyCount "63"]
[EventDate "2015.09.27"]
[EventType "team-tourn"]
[EventRounds "11"]
[EventCountry "BEL"]
[SourceTitle "CBM 168 Extra"]
[Source "ChessBase"]
[SourceDate "2015.10.29"]
[SourceVersion "1"]
[SourceVersionDate "2015.10.29"]
[SourceQuality "1"]
[WhiteTeam "Wirtzfeld"]
[BlackTeam "Jean Jaures"]
[WhiteTeamCountry "BEL"]
[BlackTeamCountry "BEL"]

1. e4 c5 2. Nf3 Nc6 3. Bb5 g6 4. 0-0 Bg7 5. Nc3 Nd4 6. Nxd4 cxd4 7. Ne2 e6 8. c3 a6 9. Ba4 dxc3 10. dxc3 b5 11. Bc2 Ne7 12. f4 d6 13. Ng3 Bb7 14. f5 exf5 15. exf5 Be5 16. Bf4 Qb6+ 17. Kh1 gxf5 18. Bxe5 dxe5 19. Nxf5 Nxf5 20. Rxf5 Qc7 21. Qg4 Bd5 22. Qg5 Be6 23. Rxe5 Qe7 24. Qe3 Rd8 25. a4 Rg8 26. axb5 axb5 27. Bxh7 Rg7 28. Bf5 Qb7 29. Rxe6+ fxe6 30. Qxe6+ Kf8 31. Qf6+ Ke8 32. Re1+ 1-0

[Event "Bodensee op"]
[Site "Bregenz"]
[Date "2015.05.12"]
[Round "4"]
[White "Hovenga, Alje"]
[Black "Nussbaumer, Vincent"]
[Result "1-0"]
[WhiteElo "2229"]
[BlackElo "1982"]
[PlyCount "65"]
[EventDate "2015.05.09"]
[EventType "swiss"]
[EventRounds "9"]
[EventCountry "AUT"]
[SourceTitle "CBM 166 Extra"]
[Source "ChessBase"]
[SourceDate "2015.06.18"]
[SourceVersion "1"]
[SourceVersionDate "2015.06.18"]
[SourceQuality "1"]

1. d4 Nf6 2. c4 g6 3. Nc3 Bg7 4. e4 d6 5. Nf3 0-0 6. Be2 e5 7. 0-0 Nc6 8. d5 Ne7 9. Ne1 Nd7 10. Be3 f5 11. f3 f4 12. Bf2 g5 13. a4 Rf6 14. a5 Qe8 15. Nb5 Qh5 16. Kh1 Rh6 17. Bg1 Nf6 18. Nd3 g4 19. fxg4 Bxg4 20. Bxg4 Nxg4 21. Nf2 Rg6 22. Nxg4 Qxg4 23. Qxg4 Rxg4 24. b3 Ng6 25. Nxc7 Rf8 26. Ne6 Rf7 27. Bxa7 Nh4 28. Ra2 f3 29. gxf3 Rxf3 30. Rxf3 Nxf3 31. Rg2 Rxg2 32. Kxg2 Nd2 33. Nd8 1-0

[Event "Hoogeveen Unive op 18th"]
[Site "Hoogeveen"]
[Date "2014.10.14"]
[Round "4"]
[White "Hovenga, Alje"]
[Black "Den Hartog, Marijn"]
[Result "1-0"]
[WhiteElo "2201"]
[BlackElo "2127"]
[PlyCount "71"]
[EventDate "2014.10.11"]
[EventType "swiss"]
[EventRounds "9"]
[EventCountry "NED"]
[SourceTitle "EXT 2015"]
[Source "ChessBase"]
[SourceDate "2014.11.20"]
[SourceVersion "1"]
[SourceVersionDate "2014.11.20"]
[SourceQuality "1"]

1. d4 Nf6 2. c4 g6 3. Nc3 Bg7 4. e4 d6 5. Nf3 0-0 6. Be2 e5 7. Be3 exd4 8. Nxd4 Re8 9. f3 Bd7 10. Qd2 Nc6 11. 0-0 Nxd4 12. Bxd4 a5 13. Rac1 h5 14. Rfd1 Bc6 15. b3 Kh7 16. Nd5 Nd7 17. Bxg7 Kxg7 18. Qd4+ f6 19. f4 Nc5 20. Bf3 Bd7 21. Re1 Ne6 22. Qd2 c6 23. Nc3 Qb6+ 24. Kh1 Qd4 25. Qxd4 Nxd4 26. Rcd1 c5 27. Ne2 Nxf3 28. gxf3 Re6 29. f5 gxf5 30. Nf4 Re7 31. Nxh5+ Kg6 32. Nf4+ Kg5 33. Nd5 fxe4 34. f4+ Kh6 35. Nxe7 Bg4 36. Rxd6 1-0

[Event "Hoogeveen Unive op 18th"]
[Site "Hoogeveen"]
[Date "2014.10.11"]
[Round "1"]
[White "Vovk, Andrey"]
[Black "Hovenga, Alje"]
[Result "1-0"]
[WhiteElo "2637"]
[BlackElo "2201"]
[PlyCount "79"]
[EventDate "2014.10.11"]
[EventType "swiss"]
[EventRounds "9"]
[EventCountry "NED"]
[SourceTitle "EXT 2015"]
[Source "ChessBase"]
[SourceDate "2014.11.20"]
[SourceVersion "1"]
[SourceVersionDate "2014.11.20"]
[SourceQuality "1"]

1. e4 c6 2. d4 d5 3. Nc3 dxe4 4. Nxe4 Nd7 5. Ng5 Ngf6 6. Bc4 e6 7. Qe2 Nb6 8. Bb3 h6 9. N5f3 a5 10. c3 a4 11. Bc2 Nbd5 12. a3 Qc7 13. Ne5 Bd6 14. Ngf3 b6 15. c4 Ne7 16. Qd1 Qa7 17. 0-0 Nd7 18. Bf4 Bxe5 19. Nxe5 Nf6 20. Re1 Kf8 21. Qf3 Bd7 22. Nxd7+ Qxd7 23. Be5 Ne8 24. Rad1 Ra5 25. Qc3 Ra7 26. Qb4 f6 27. Bg3 b5 28. cxb5 cxb5 29. d5 e5 30. d6 Nc6 31. Qxb5 Nxd6 32. Qc5 Ke7 33. f4 Ra5 34. Qc3 Rf8 35. fxe5 fxe5 36. Bxe5 Rxe5 37. Rxe5+ Nxe5 38. Qxe5+ Qe6 39. Qxg7+ Rf7 40. Qg3 1-0